zpět

Detail výsledku týmu

Kulturní dům, Zašová

Datum a čas kvízu

26 Celkem bodů Celkový počet nahraných bodů na tomto kvízu bez doplňovacích otázek.
2. Pořadí na kvízu Konečné umístění týmu na tomto kvízu.

Zaznamenané odpovědi

# Otázka Odpověď Body Výsledky
1. Podnikatel tuniského původu Fe... 0
2. Jak se jmenuje země, která ve... 1
3. Britská televize Channel 4 min... 0
4. Americký výrobce elektromobilů... 0
5. Konec neporazitelnosti v hokej... 0
6. Mezinárodní vesmírná stanice (... 1
7. V předchozí otázce bylo řečeno... 0
8. Standardní denní program posád... 0
9. Jak se jmenuje ruská kosmická... 0
10. První espresso kávovar, určený... 1